Statistics for African geography - True or false

Click here to take the quiz!

General Stats

  • This quiz has been taken 250 times
    (230 since last reset)
  • The average score is 6 of 10

Answer Stats

QuestionAnswer% Correct
The capital of Morocco is CasablancaFalse
81%
Sudan is the largest country in AfricaFalse
80%
Monrovia, the capital of Liberia, is named after President James Monroe of the USATrue
76%
The Sahara is the world's largest inhabited desertTrue
73%
Egypt is a cross-continental countryTrue
66%
Spain and Portugal both have land in AfricaTrue
56%
Memphis, the ancient capital of Egypt, still stands todayFalse
53%
The Nile passes through more countries than the Danube (noTrue
52%
No country in Africa has Dutch as an official languageTrue
49%
Antananarivo, the capital of Madagascar, has more a's in its name than any world capitalFalse
33%

Score Distribution

Percentile by Number Answered

Percent of People with Each Score

Your Score History

You have not taken this quiz since the last reset